| Registos Bibliográficos associados ao registo de autoridade |
|
Etiqueta de registo: 00000nkm 2200025 450 001 2242464 003 http://id.bnportugal.gov.pt/bib/catbnp/2242464 100 ## $a20260107d1997 m y0pory01030103ba 101 0# $apor 102 ## $aPT 200 1# $aX Meia-Maratona Badajoz-Elvas$bVisual gráfico]$fCâmara Municipal de Elvas 210 #9 $aElvas$cCâmara Municipal de Elvas,$d1997$eElvas :$gLinhas de Elvas-Empresa Gráfica, Lda.) 215 ## $a1 cartaz$ccolor.$d50x33,5 cm 675 ## $a766(=1:469)"199"(084.5)$vBN$zpor$31975740 710 02 $aMeia-Maratona Badajoz-Elvas,$d10,$f1997$31997280 712 01 $aElvas.$bCâmara Municipal$4557$36356 801 #0 $aPT$bBN$gRPC 966 ## $lBN$mICONOG$sCT. 9050 V.$x1 971 ## $cCaticonografia10$d20260107 995 ## $aPRR2026 $d20260107$iCaticonografia10
|
|
|